Integrated renewable energy for rural communities : Planning guidelines, technologies, and applications
Guardat en:
| Autor principal: | |
|---|---|
| Format: | Llibre |
| Idioma: | Undetermined |
| Publicat: |
London
Elsevier
2004
|
| Matèries: | |
| Etiquetes: |
Afegir etiqueta
Sense etiquetes, Sigues el primer a etiquetar aquest registre!
|
| Thư viện lưu trữ: | Trung tâm Học liệu Trường Đại học Cần Thơ |
|---|
| LEADER | 00642nam a2200205Ia 4500 | ||
|---|---|---|---|
| 001 | CTU_88108 | ||
| 008 | 210402s9999 xx 000 0 und d | ||
| 020 | |c 116.62 | ||
| 082 | |a 333.79 | ||
| 082 | |b B317 | ||
| 100 | |a Bassam, Nasir El | ||
| 245 | 0 | |a Integrated renewable energy for rural communities : | |
| 245 | 0 | |b Planning guidelines, technologies, and applications | |
| 245 | 0 | |c Nasir El Bassam, Preben Maegaard | |
| 260 | |a London | ||
| 260 | |b Elsevier | ||
| 260 | |c 2004 | ||
| 650 | |a Renewable energy sources,Rural development,Energy development | ||
| 904 | |i Tuyến | ||
| 980 | |a Trung tâm Học liệu Trường Đại học Cần Thơ | ||